000 00778nam a2200241Ia 4500
003 OSt
005 20220923215722.0
006 a|||||r|||| 00| 0
007 ta
008 220922b |||||||| |||| 00| 0 hin d
024 _a181,183
037 _cTextual
040 _aARTS
_cARTS
_bhin
041 _2hin
_ahin
082 _aO152,1N312x, M7;1
100 _aवर्मा, श्रीकांत
245 0 _aगरूड़ किसने देखा है
246 _aGarūड़ kisane dekhā hai
260 _aनई दिल्ली
_b राजकमल प्रकाश्न
_c1987
300 _a121 पृ.
_ccm.
942 _hO152,1N312x, M7;1
_cTEXL
_2CC
999 _c334561
_d334561